[Event "Patras Finest Rapid 1st"]
[Site "Patras"]
[Date "2022.07.03"]
[Round "4"]
[White "Deligiannis, Paraskevas1111"]
[Black "Bania, Eleni"]
[Result "1-0"]
[WhiteElo "1938"]
[BlackElo "1474"]
[PlyCount "56"]
[EventDate "2022.07.03"]
[EventType "swiss (rapid)"]
[EventRounds "7"]
[EventCountry "GRE"]
[SourceTitle "EXT 2023"]
[Source "ChessBase"]
[SourceDate "2022.10.05"]
[SourceVersion "1"]
[SourceVersionDate "2022.10.05"]
[SourceQuality "1"]

1. d4 Nf6 2. c4 g6 3. Nc3 Bg7 4. e4 d6 5. Nf3 0-0 6. Be2 e5 7. d5 a5 8. Bg5 Na6 9. Nd2 h6 10. Be3 Nxe4 11. Ndxe4 f5 12. Bd3 fxe4 13. Nxe4 b6 14. Qd2 h5 15. 0-0 Bf5 16. f3 Nc5 17. Nxc5 bxc5 18. Be4 Qd7 19. Rfc1 Rfb8 20. Rc3 Rb4 21. Qc2 Rab8 22. Rb3 Kh7 23. Bd2 Rxb3 24. axb3 Bh6 25. Bxh6 Kxh6 26. Rxa5 Bxe4 27. fxe4 Qg4 28. Ra1 Qf4 1-0

[Event "EU-ch Hybrid U18 Girls"]
[Site "Tornelo INT"]
[Date "2021.10.15"]
[Round "3"]
[White "Galvan Cipriani, Viviana"]
[Black "Bania, Eleni"]
[Result "1-0"]
[WhiteElo "2044"]
[BlackElo "1595"]
[PlyCount "99"]
[EventDate "2021.10.15"]
[EventType "swiss"]
[EventRounds "9"]
[EventCountry "NET"]
[SourceTitle "EXT 2023"]
[Source "ChessBase"]
[SourceDate "2022.10.05"]
[SourceVersion "1"]
[SourceVersionDate "2022.10.05"]
[SourceQuality "1"]
[WhiteTeam "Spain"]
[BlackTeam "Greece"]
[WhiteTeamCountry "ESP"]
[BlackTeamCountry "GRE"]

1. c4 Nf6 2. Nc3 g6 3. g3 Bg7 4. Bg2 0-0 5. e4 c5 6. Nge2 Nc6 7. 0-0 d6 8. d3 a6 9. h3 Rb8 10. f4 e6 11. Be3 Ne8 12. g4 Nd4 13. Qd2 f5 14. exf5 exf5 15. g5 Nxe2+ 16. Qxe2 Nc7 17. Kh1 b5 18. Rad1 Re8 19. Qd2 Bb7 20. Rfe1 Ne6 21. h4 Nd4 22. Nd5 b4 23. b3 a5 24. h5 Ba8 25. Kh2 a4 26. Bxd4 Bxd4 27. Rxe8+ Qxe8 28. Nc7 Qe3 29. Nxa8 Qxd2 30. Rxd2 Be3 31. Re2 Bxf4+ 32. Kh3 Bxg5 33. Bd5+ Kg7 34. Nc7 Kh6 35. hxg6 hxg6 36. bxa4 b3 37. Nb5 bxa2 38. Rxa2 Bd8 39. a5 g5 40. a6 Bb6 41. Nxd6 g4+ 42. Kg2 Kg5 43. Rb2 f4 44. Nc8 f3+ 45. Kg1 Ba7 46. Rxb8 Bxb8 47. Bxf3 gxf3 48. Kf2 Kg4 49. a7 Bxa7 50. Nxa7 1-0

[Event "GRE-chT 48th"]
[Site "Athens"]
[Date "2021.09.12"]
[Round "7.4"]
[White "Kalyva, Kyriaki"]
[Black "Bania, Eleni"]
[Result "1-0"]
[WhiteElo "1812"]
[BlackElo "1517"]
[PlyCount "65"]
[EventDate "2021.09.07"]
[EventType "team-swiss"]
[EventRounds "7"]
[EventCountry "GRE"]
[SourceTitle "CBM 204 Extra"]
[Source "ChessBase"]
[SourceDate "2021.11.30"]
[SourceVersion "1"]
[SourceVersionDate "2021.11.30"]
[SourceQuality "1"]
[WhiteTeam "Irakleiou"]
[BlackTeam "Ames Neas Erythreas"]
[WhiteTeamCountry "GRE"]
[BlackTeamCountry "GRE"]

1. d4 Nf6 2. c4 g6 3. Nc3 Bg7 4. e4 d6 5. f4 0-0 6. Nf3 c5 7. d5 e6 8. Be2 exd5 9. cxd5 Bg4 10. 0-0 Nbd7 11. Qc2 Re8 12. h3 Bxf3 13. Bxf3 Qa5 14. a4 c4 15. Be3 Nc5 16. Bxc5 Qxc5+ 17. Kh1 Nd7 18. Rad1 a6 19. e5 dxe5 20. d6 Ra7 21. Ne4 Qc8 22. f5 b5 23. Qf2 Qb8 24. fxg6 fxg6 25. Ng5 h6 26. Bd5+ Kh8 27. Qh4 Nf8 28. Nf7+ Kh7 29. Bc6 Nd7 30. Nxh6 g5 31. Be4+ Kh8 32. Nf7+ Kg8 33. Qh7+ 1-0

[Event "GRE-ch U18 Girls"]
[Site "Chania"]
[Date "2021.07.17"]
[Round "4"]
[White "Tsekoura, Vaia"]
[Black "Bania, Eleni"]
[Result "1-0"]
[WhiteElo "1468"]
[BlackElo "1484"]
[PlyCount "119"]
[EventDate "2021.07.15"]
[EventType "swiss"]
[EventRounds "9"]
[EventCountry "GRE"]
[SourceTitle "EXT 2022"]
[Source "ChessBase"]
[SourceDate "2021.10.06"]
[SourceVersion "1"]
[SourceVersionDate "2021.10.06"]
[SourceQuality "1"]

1. e4 e5 2. Nf3 Nc6 3. Bb5 Nge7 4. c3 g6 5. d4 exd4 6. cxd4 a6 7. Ba4 b5 8. Bc2 Bg7 9. d5 Nb4 10. Bb3 a5 11. a3 Na6 12. 0-0 d6 13. h3 0-0 14. Nd4 Nc5 15. Bc2 Bd7 16. Be3 c6 17. dxc6 Bxc6 18. Bg5 Bxd4 19. Qxd4 Ne6 20. Qf6 Nxg5 21. Qxg5 Nc8 22. Qf4 Qe7 23. Nc3 Nb6 24. b3 Rad8 25. Ne2 Rfe8 26. Nd4 Rc8 27. Qe3 d5 28. Bd3 Qd6 29. Nxc6 Qxc6 30. Rac1 Qb7 31. Bxb5 Rxe4 32. Qd3 a4 33. Ba6 Qd7 34. Bxc8 Nxc8 35. Rfd1 Qf5 36. Qxd5 Re1+ 37. Kh2 Qf4+ 38. g3 Rxd1 39. Rxc8+ Kg7 40. Qxd1 Qxf2+ 41. Kh1 Qxg3 42. Qd4+ f6 43. Qc3 Qf2 44. Qc7+ Kh6 45. Qc1+ g5 46. Rc3 axb3 47. Rxb3 Qf5 48. Rg3 Kg6 49. Qd2 Qc5 50. h4 h6 51. Qd3+ Kg7 52. Qd7+ Kg6 53. h5+ Kxh5 54. Rh3+ Kg6 55. Qe8+ Kg7 56. Re3 Qd5+ 57. Kh2 Qd2+ 58. Kh3 g4+ 59. Kxg4 Qg2+ 60. Rg3 1-0

[Event "GRE-ch U20 Girls"]
[Site "Trikala"]
[Date "2020.08.20"]
[Round "6"]
[White "Bania, Eleni"]
[Black "Tozarou, Ifigenia"]
[Result "1-0"]
[WhiteElo "1490"]
[BlackElo "1239"]
[PlyCount "64"]
[EventDate "2020.08.17"]
[EventType "swiss"]
[EventRounds "9"]
[EventCountry "GRE"]
[SourceTitle "CBM 198 Extra"]
[Source "ChessBase"]
[SourceDate "2020.11.30"]
[SourceVersion "1"]
[SourceVersionDate "2020.11.30"]
[SourceQuality "1"]

1. e4 e5 2. Nf3 Nc6 3. Nc3 Nf6 4. d4 exd4 5. Nxd4 Bb4 6. Nxc6 Bxc3+ 7. bxc3 bxc6 8. Bd3 h6 9. 0-0 0-0 10. c4 Re8 11. Re1 d6 12. h3 c5 13. Bb2 Rb8 14. Bc3 Bb7 15. f3 Nh5 16. Qd2 Bc6 17. g4 Nf6 18. Qf4 Nh7 19. Qg3 Re6 20. Rad1 h5 21. f4 h4 22. Qf2 g5 23. f5 Re7 24. f6 Re6 25. e5 Qe8 26. Qf5 Nf8 27. Qxg5+ Ng6 28. Bf5 Rxe5 29. Bxe5 dxe5 30. Bxg6 fxg6 31. Rxe5 Qf8 32. Qxg6+ Kh8 1-0

[Event "GRE-ch U16 Girls"]
[Site "Patras"]
[Date "2019.06.26"]
[Round "2.7"]
[White "Bania, Eleni"]
[Black "Gkolfinopoulou, Marina"]
[Result "1-0"]
[WhiteElo "1455"]
[BlackElo "1318"]
[PlyCount "187"]
[EventDate "2019.06.25"]
[EventType "swiss"]
[EventRounds "7"]
[EventCountry "GRE"]
[SourceTitle "EXT 2020"]
[Source "ChessBase"]
[SourceDate "2019.10.17"]
[SourceVersion "1"]
[SourceVersionDate "2019.10.17"]
[SourceQuality "1"]
[WhiteTeam "Greece"]
[BlackTeam "Greece"]
[WhiteTeamCountry "GRE"]
[BlackTeamCountry "GRE"]

1. e4 e5 2. Nf3 Nc6 3. d4 exd4 4. Nxd4 Bc5 5. Nb3 Bb6 6. Nc3 d6 7. Qe2 Be6 8. Be3 Qe7 9. 0-0-0 0-0-0 10. Kb1 f5 11. exf5 Bxf5 12. Nd5 Qf7 13. Qc4 Be6 14. Nxb6+ axb6 15. Qa4 Kb8 16. Nd4 Nxd4 17. Bxd4 Ne7 18. Bb5 Nf5 19. f3 Nxd4 20. Rxd4 c6 21. Be2 Kc7 22. Rf4 Qg6 23. Qe4 Qxe4 24. Rxe4 Rhe8 25. Bd3 d5 26. Re5 h6 27. Rhe1 Kd6 28. Bg6 Re7 29. f4 Rdd7 30. Kc1 Bg8 31. Bf5 Rxe5 32. fxe5+ Ke7 33. Bxd7 Kxd7 34. Kd2 Ke6 35. Re3 d4 36. Re1 Kd5 37. c3 dxc3+ 38. Kxc3 Ke6 39. a3 Kf5 40. Kd4 c5+ 41. Kd3 Be6 42. Re3 g6 43. Kc3 h5 44. Kd2 g5 45. h3 h4 46. Ke2 Kf4 47. Kf2 Kf5 48. Kf3 Bd5+ 49. Kf2 Be6 50. g3 b5 51. gxh4 gxh4 52. b3 Kf4 53. Ke2 Kf5 54. Kd3 Kf4 55. Re4+ Kg3 56. Re3+ Kf4 57. Ke2 Kf5 58. Rc3 b6 59. Re3 Kf4 60. a4 bxa4 61. bxa4 Kf5 62. Kd2 Kf4 63. Kd3 Kf5 64. Re4 Kg5 65. Ke3 c4 66. Kd4 Kh5 67. Rf4 Bxh3 68. Kxc4 Kg5 69. Rf6 Bd7 70. Kb4 h3 71. Rf8 h2 72. Rh8 Kf5 73. Rxh2 Kxe5 74. Rh6 Be6 75. Rh2 Kd6 76. Rc2 Bd7 77. Rc4 Bc6 78. Rd4+ Kc7 79. Rh4 Kb7 80. a5 bxa5+ 81. Kxa5 Bf3 82. Rh6 Kc7 83. Kb5 Kd7 84. Kc5 Ke7 85. Kd4 Kf7 86. Ke5 Bd1 87. Rf6+ Ke7 88. Rf1 Ba4 89. Ra1 Be8 90. Ra7+ Kf8 91. Kf6 Bc6 92. Rc7 Ba4 93. Rc8+ Be8 94. Rb8 1-0

[Event "GRE-ch U18 Girls"]
[Site "Rethymno"]
[Date "2019.01.08"]
[Round "7"]
[White "Bania, Eleni"]
[Black "Platsaki, Evgenia Valeria"]
[Result "1-0"]
[WhiteElo "1546"]
[BlackElo "1031"]
[PlyCount "67"]
[EventDate "2019.01.02"]
[EventType "swiss"]
[EventRounds "7"]
[EventCountry "GRE"]
[SourceTitle "CBM 188 Extra"]
[Source "ChessBase"]
[SourceDate "2019.02.26"]
[SourceVersion "1"]
[SourceVersionDate "2019.02.26"]
[SourceQuality "1"]

1. e4 c5 2. b3 Nc6 3. Nc3 Nf6 4. Bb2 e6 5. f4 d6 6. Nf3 Nd7 7. Be2 Be7 8. 0-0 0-0 9. Qe1 Qc7 10. Qg3 f5 11. Nb5 Bf6 12. Nxc7 Bxb2 13. Nxa8 fxe4 14. Rab1 exf3 15. Rxb2 fxe2 16. Re1 b6 17. Nc7 Nf6 18. Rxe2 Nh5 19. Qe3 Rf7 20. Nb5 Nd4 21. Nxd4 cxd4 22. Qxd4 Ba6 23. Rf2 d5 24. f5 exf5 25. Qxd5 Nf6 26. Qxf5 Re7 27. Rb1 Re8 28. Qg5 Rf8 29. d3 h6 30. Qg6 Bb5 31. Rbf1 Be8 32. Qg3 Rf7 33. Rxf6 Rxf6 34. Rxf6 1-0

[Event "GRE-ch U18 Girls"]
[Site "Rethymno"]
[Date "2019.01.06"]
[Round "5"]
[White "Chasouraki, Chrysi"]
[Black "Bania, Eleni"]
[Result "1/2-1/2"]
[WhiteElo "1094"]
[BlackElo "1546"]
[PlyCount "89"]
[EventDate "2019.01.02"]
[EventType "swiss"]
[EventRounds "7"]
[EventCountry "GRE"]
[SourceTitle "CBM 188 Extra"]
[Source "ChessBase"]
[SourceDate "2019.02.26"]
[SourceVersion "1"]
[SourceVersionDate "2019.02.26"]
[SourceQuality "1"]

1. e4 e5 2. Nf3 Nc6 3. Bc4 Bc5 4. c3 Nf6 5. d3 a6 6. Bb3 d6 7. 0-0 Ba7 8. Nbd2 0-0 9. h3 Ne7 10. Re1 Ng6 11. Nf1 Nh5 12. d4 Nf6 13. Ng3 h6 14. Be3 Re8 15. Bc2 b5 16. Bd3 Bb7 17. Qc2 c5 18. dxc5 dxc5 19. Rad1 Qc7 20. Qb1 c4 21. Bc2 Bxe3 22. Rxe3 Nf4 23. Nh4 Rad8 24. Ree1 Nd7 25. Rd2 Nc5 26. Red1 Nfd3 27. Bxd3 Nxd3 28. Nhf5 Qd7 29. Ne3 Qe6 30. Nc2 Qg6 31. Nf5 Rd7 32. f3 Rdd8 33. Nb4 Nf4 34. Nh4 Qb6+ 35. Kh2 Rxd2 36. Rxd2 a5 37. Nc2 Nd3 38. Ne1 Qe3 39. Rd1 Rd8 40. Nf5 Qe2 41. Ng3 Qe3 42. Nf5 Qe2 43. Ng3 Qe3 44. Nf5 Qe2 45. Ng3 1/2-1/2

[Event "Wch U16 Girls"]
[Site "Porto Carras"]
[Date "2018.10.20"]
[Round "1"]
[White "Bania, Eleni"]
[Black "Nestorovic, Katarina"]
[Result "0-1"]
[WhiteElo "1454"]
[BlackElo "2015"]
[PlyCount "94"]
[EventDate "2018.10.20"]
[EventType "swiss"]
[EventRounds "11"]
[EventCountry "GRE"]
[SourceTitle "CBM 187 Extra"]
[Source "ChessBase"]
[SourceDate "2018.11.04"]
[SourceVersion "1"]
[SourceVersionDate "2018.11.04"]
[SourceQuality "1"]

1. e4 c5 2. c3 Nf6 3. e5 Nd5 4. d4 cxd4 5. Nf3 e6 6. cxd4 d6 7. Bc4 Nc6 8. 0-0 Be7 9. Qe2 0-0 10. Nc3 Nxc3 11. bxc3 Qa5 12. Bd2 Rd8 13. Rfe1 Bd7 14. Bb3 dxe5 15. dxe5 Rac8 16. Rac1 Ba3 17. Rb1 Ne7 18. Bc2 Ng6 19. Bg5 Rf8 20. Bd2 Qc7 21. h4 Bc6 22. Be4 h6 23. h5 Ne7 24. Nd4 Bc5 25. Qg4 Bxe4 26. Rxe4 Bxd4 27. Rxd4 Kh8 28. Re1 Nf5 29. Rb4 Rfd8 30. Qe2 Qc6 31. Rd1 b6 32. Qg4 Qd5 33. Qe2 Qxa2 34. Qe1 Qd5 35. Rbb1 Qc6 36. Rbc1 a5 37. f3 Qc5+ 38. Kh1 Qc4 39. g4 Ne7 40. Qg3 Rd3 41. Rc2 Qd5 42. Kg2 b5 43. Qf4 Nc6 44. Re1 Nd4 45. cxd4 Rxc2 46. Re2 Rxd4 47. Qxf7 Qd7 0-1

[Event "GRE-chT 46th"]
[Site "Rio Achaia"]
[Date "2018.07.12"]
[Round "4.17"]
[White "Paparizou, Eleni"]
[Black "Bania, Eleni"]
[Result "0-1"]
[WhiteElo "1274"]
[BlackElo "1349"]
[PlyCount "44"]
[EventDate "2018.07.10"]
[EventType "team"]
[EventRounds "7"]
[EventCountry "GRE"]
[SourceTitle "CBM 185 Extra"]
[Source "ChessBase"]
[SourceDate "2018.07.29"]
[SourceVersion "1"]
[SourceVersionDate "2018.07.29"]
[SourceQuality "1"]
[WhiteTeam "Larissa"]
[BlackTeam "Patras Shipping Company"]
[WhiteTeamCountry "GRE"]
[BlackTeamCountry "GRE"]

1. e4 e5 2. Nf3 Nc6 3. d4 exd4 4. Nxd4 Bc5 5. Be3 Qf6 6. c3 Nge7 7. Bc4 d6 8. 0-0 0-0 9. f4 Be6 10. Qd3 d5 11. Bxd5 Bxd5 12. exd5 Nxd5 13. Nd2 Nxe3 14. Qxe3 Nxd4 15. Kh1 Nb3 16. Ne4 Qe7 17. Qf3 Nxa1 18. Rxa1 Rfe8 19. Re1 f5 20. Nf6+ Qxf6 21. Rxe8+ Rxe8 22. h3 Qe6 0-1

[Event "GRE-chT 46th"]
[Site "Rio Achaia"]
[Date "2018.07.10"]
[Round "1.15"]
[White "Bania, Eleni"]
[Black "Psofimi, Milia"]
[Result "0-1"]
[WhiteElo "1349"]
[BlackElo "1580"]
[PlyCount "60"]
[EventDate "2018.07.10"]
[EventType "team"]
[EventRounds "7"]
[EventCountry "GRE"]
[SourceTitle "CBM 185 Extra"]
[Source "ChessBase"]
[SourceDate "2018.07.29"]
[SourceVersion "1"]
[SourceVersionDate "2018.07.29"]
[SourceQuality "1"]
[WhiteTeam "Patras Shipping Company"]
[BlackTeam "Piraikos"]
[WhiteTeamCountry "GRE"]
[BlackTeamCountry "GRE"]

1. e4 e5 2. Nc3 Nf6 3. Bc4 Nxe4 4. Qh5 Nd6 5. Bb3 Be7 6. Qxe5 0-0 7. Nge2 Bf6 8. Qh5 g6 9. Qf3 Nc6 10. Nd5 Bg7 11. h4 Re8 12. 0-0 Nf5 13. g3 Ne5 14. Qg2 c6 15. Ne3 d5 16. Nxf5 Bxf5 17. Nd4 Bd7 18. Nf3 Qc8 19. Rd1 Nxf3+ 20. Kh1 Bg4 21. Qf1 Nd4 22. Re1 Be2 23. Rxe2 Nxe2 24. c3 Nxc1 25. Rxc1 Qe6 26. Qg2 Qe4 27. f3 Qe2 28. Qh3 Qxf3+ 29. Kg1 Qd3 30. Rf1 Re7 0-1

[Event "GRE-ch U16 Girls"]
[Site "Rio Achaia"]
[Date "2018.07.09"]
[Round "7"]
[White "Bania, Eleni"]
[Black "Mihailidou, Magdalini"]
[Result "1/2-1/2"]
[WhiteElo "1349"]
[BlackElo "1762"]
[PlyCount "29"]
[EventDate "2018.07.03"]
[EventType "swiss"]
[EventRounds "9"]
[EventCountry "GRE"]
[SourceTitle "EXT 2019"]
[Source "ChessBase"]
[SourceDate "2018.10.10"]
[SourceVersion "1"]
[SourceVersionDate "2018.10.10"]
[SourceQuality "1"]

1. e4 e5 2. Nc3 Nc6 3. Bc4 Nf6 4. d3 Bc5 5. f4 0-0 6. Nf3 Ng4 7. Ng5 h6 8. Nxf7 Qh4+ 9. g3 Bf2+ 10. Kd2 Be3+ 11. Ke1 Bf2+ 12. Kd2 Be3+ 13. Ke1 Bf2+ 14. Kd2 Be3+ 15. Ke1 1/2-1/2

[Event "GRE-ch U16 Girls"]
[Site "Rio Achaia"]
[Date "2018.07.05"]
[Round "3"]
[White "Kalyva, Kyriaki"]
[Black "Bania, Eleni"]
[Result "1/2-1/2"]
[WhiteElo "1734"]
[BlackElo "1349"]
[PlyCount "84"]
[EventDate "2018.07.03"]
[EventType "swiss"]
[EventRounds "9"]
[EventCountry "GRE"]
[SourceTitle "EXT 2019"]
[Source "ChessBase"]
[SourceDate "2018.10.10"]
[SourceVersion "1"]
[SourceVersionDate "2018.10.10"]
[SourceQuality "1"]

1. d4 d5 2. c4 e6 3. Nc3 c6 4. cxd5 exd5 5. Qc2 Nf6 6. Bg5 Bb4 7. e3 Nbd7 8. Bd3 0-0 9. Nge2 h6 10. Bh4 Re8 11. 0-0-0 b5 12. e4 dxe4 13. Nxe4 Bb7 14. Nc5 Nxc5 15. dxc5 Qe7 16. Nc3 Qxc5 17. Bxf6 gxf6 18. Ne4 Qxc2+ 19. Bxc2 Kg7 20. Ng3 Rad8 21. a3 Bc5 22. Nh5+ Kh8 23. Nxf6 Rxd1+ 24. Rxd1 Re2 25. Nh5 Kg8 26. Rd7 Ba6 27. b4 Bf8 28. f3 Re7 29. Rd4 Bc8 30. Be4 Bb7 31. Bf5 Re5 32. g4 Re3 33. Be4 c5 34. bxc5 Bxe4 35. Rxe4 Rxf3 36. Re8 Rc3+ 37. Kb2 Rxc5 38. Nf6+ Kg7 39. Nd7 Rc4 40. Nxf8 Rxg4 41. Nd7 Rg2+ 42. Kc3 Rxh2 1/2-1/2

[Event "GRE-ch Schools Gymnasia-C 30th"]
[Site "Peristeri"]
[Date "2018.04.01"]
[Round "5"]
[White "Bania, Eleni"]
[Black "Saridaki, Maria"]
[Result "1-0"]
[WhiteElo "1323"]
[BlackElo "1054"]
[PlyCount "63"]
[EventDate "2018.04.01"]
[EventType "swiss (rapid)"]
[EventRounds "9"]
[EventCountry "GRE"]
[SourceTitle "EXT 2019"]
[Source "ChessBase"]
[SourceDate "2018.10.10"]
[SourceVersion "1"]
[SourceVersionDate "2018.10.10"]
[SourceQuality "1"]

1. e4 e5 2. Nc3 Nf6 3. Bc4 Nc6 4. d3 Bc5 5. Bg5 d6 6. Nf3 h6 7. Bh4 0-0 8. Nd5 g5 9. Bg3 Nxd5 10. Bxd5 Ne7 11. Bb3 Ng6 12. Qd2 Qe7 13. h4 Nf4 14. Bxf4 gxf4 15. 0-0-0 Be6 16. g3 Bxb3 17. axb3 f5 18. gxf4 fxe4 19. Rdg1+ Kh7 20. dxe4 Rg8 21. f5 Rxg1+ 22. Rxg1 Rg8 23. Rxg8 Kxg8 24. Qxh6 Bxf2 25. Ng5 Be3+ 26. Kd1 c6 27. Qg6+ Qg7 28. Qe6+ Kf8 29. Qc8+ Ke7 30. Qxb7+ Kf6 31. Qxc6 Bxg5 32. Qxd6+ 1-0